|
|
|
|
| LEADER |
00858cam a2200241 7i4500 |
| 001 |
0000042612 |
| 005 |
20170218090000.0 |
| 020 |
|
|
|a 0415894638 (pbk.)
|
| 020 |
|
|
|a 9780415894630 (pbk.)
|
| 020 |
|
|
|a 041589462X (hbk.)
|
| 020 |
|
|
|a 9780415894623 (hbk.)
|
| 090 |
0 |
0 |
|a KF2750.A7
|b M24 2012
|
| 100 |
1 |
|
|a Moore, Roy L
|
| 245 |
1 |
0 |
|a Media law and ethics
|c Roy L. Moore, Michael D. Murray.
|
| 250 |
|
|
|a 4th ed.
|
| 260 |
|
|
|a New York, NY:
|b Routledge,
|c 2012.
|
| 300 |
|
|
|a xxvi, 755 p.:
|b ill.;
|c 26 cm.
|
| 490 |
0 |
|
|a Routledge Communication series
|
| 650 |
0 |
0 |
|a Mass media --
|x Moral and ethical aspects
|
| 650 |
0 |
0 |
|a Mass media --
|x Law and legislation --
|z United States
|
| 700 |
1 |
|
|a Murray, Michael D
|
| 997 |
|
|
|a Communication, Visual Art & Computing, Faculty
|b Communication, Department
|
| 999 |
|
|
|a 0000052266
|b BOK
|c OPEN SHELF
|e 1st Floor, Bestari Jaya
|